Marvel Snap Card Collection - Statistics

General Stats
  • This quiz has been taken 21 times
  • The average score is 28 of 274
Answer Stats
Collected? Cards % Correct
Yes Hulk
69%
Yes Black Widow
63%
Yes Thor
63%
Yes Black Panther
56%
Yes Captain America
56%
Yes Iron Man
56%
Yes Falcon
50%
No Spider-Man
50%
Yes Ant Man
44%
Yes Bucky Barnes
44%
Yes Doctor Strange
44%
Yes Star-Lord
44%
Yes Daredevil
38%
Yes Groot
38%
Yes Hawkeye
38%
Yes Rocket Raccoon
38%
No Thanos
38%
Yes Wasp
38%
No Captain Marvel
31%
Yes Elektra
31%
Yes Gambit
31%
No Human Torch
31%
Yes Nick Fury
31%
Yes Okoye
31%
Yes Scarlet Witch
31%
Yes The Thing
31%
Yes Wolverine
31%
No Wong
31%
Yes Abomination
25%
No Black Bolt
25%
Yes Blade
25%
No Drax
25%
Yes Gamora
25%
No Ghost
25%
Yes Ghost Rider
25%
Yes Iron Fist
25%
Yes Korg
25%
No Loki
25%
Yes Luke Cage
25%
Yes Mantis
25%
No Moon Knight
25%
No Nebula
25%
No Shuri
25%
Yes Storm
25%
No Valkyrie
25%
Yes Vision
25%
No War-Machine
25%
Yes Adam Warlock
19%
No Black Knight
19%
Yes Cable
19%
Yes Colossus
19%
No Deadpool
19%
No Doctor Doom
19%
Yes Doctor Octopus
19%
Yes Ebony Maw
19%
No Galactus
19%
Yes Kingpin
19%
No Magneto
19%
No Maria Hill
19%
No M'baku
19%
No Miek
19%
Yes Mister Fantastic
19%
No Ms. Marvel
19%
Yes Mysterio
19%
Yes Odin
19%
Yes Professor X
19%
No Proxima Midnight
19%
Yes Quicksilver
19%
Yes Red Hulk
19%
Yes The Punisher
19%
Yes Venom
19%
Yes Angel
13%
Yes Arnim Zola
13%
No Bast
13%
No Beast
13%
Yes Bishop
13%
Yes Carnage
13%
No Corvus Glaive
13%
Yes Cyclops
13%
Yes Green Goblin
13%
Yes Hela
13%
Yes Invisible Woman
13%
No Jean Grey
13%
Yes Jubilee
13%
No Juggernaut
13%
Yes Klaw
13%
Yes Kraven
13%
Yes Lizard
13%
No Lockjaw
13%
No M.O.D.O.K.
13%
Yes Nakia
13%
Yes Namor
13%
Yes Nova
13%
Yes Quinjet
13%
No Red Guardian
13%
Yes Rhino
13%
Yes Sandman
13%
No Sentry
13%
Yes Shang-Chi
13%
No She-Hulk
13%
Yes X-23
13%
Yes Absorbing Man
6%
No Aero
6%
No Agatha Harkness
6%
Yes Agent 13
6%
No Agent Coulson
6%
Yes America Chavez
6%
Yes Angela
6%
No Annihilus
6%
Yes Apocalypse
6%
Yes Armor
6%
No Attuma
6%
No Baron Mordo
6%
No Black Cat
6%
No Blob
6%
Yes Blue Marvel
6%
No Brood
6%
Yes Cloak
6%
Yes Colleen Wing
6%
Yes Cosmo
6%
No Cull Obsidian
6%
Yes Death
6%
No Echo
6%
No Electro
6%
No Grandmaster
6%
Yes Heimdall
6%
No Helicarrier
6%
No Howard the Duck
6%
Yes Iceman
6%
Yes Ironheart
6%
No Iron Lad
6%
Yes Jessica Jones
6%
Yes Ka-Zar
6%
Yes Killmonger
6%
No Kitty Pryde
6%
No Knull
6%
Yes Lady Sif
6%
No Legion
6%
No Man-Thing
6%
Yes Medusa
6%
Yes Mystique
6%
Yes Nightcrawler
6%
Yes Orka
6%
No Red Skull
6%
Yes Rescue
6%
No Rogue
6%
Yes Sentinel
6%
Yes Silver Surfer
6%
No Spider-Man 2099
6%
Yes Spider-Woman
6%
No Supergiant
6%
Yes The Collector
6%
Yes Ultron
6%
Yes Vulture
6%
No Werewolf By Night
6%
Yes White Tiger
6%
Yes White Widow
6%
Yes Yellowjacket
6%
Yes Yondu
6%
Yes Alioth
0%
Yes Baron Zemo
0%
No Beta Ray-Bill
0%
No Black Swan
0%
No Blink
0%
No Caiera
0%
No Cannonball
0%
No Cerebro
0%
Yes Crossbones
0%
Yes Crystal
0%
No Dagger
0%
No Daken
0%
Yes Darkhawk
0%
Yes Dazzler
0%
Yes Deathlok
0%
No Debrii
0%
No Destroyer
0%
Yes Devil Dinosaur
0%
Yes Domino
0%
No Dracula
0%
No Elsa Bloodstone
0%
Yes Enchantress
0%
Yes Forge
0%
No Ghost-Spider
0%
No Giganto
0%
No Gladiator
0%
No Goose
0%
Yes Havok
0%
Yes Hazmat
0%
No Hellcow
0%
No Hercules
0%
Yes High Evoultionary
0%
No Hit Monkey
0%
Yes Hobgoblin
0%
No Hope Summers
0%
Yes Hulkbuster
0%
No Jane Foster the Mighty Thor
0%
No Jeff the Baby Land Shark
0%
No Kang The Conqueror
0%
No Lady Deathstrike
0%
Yes Leader
0%
Yes Leech
0%
Yes Magik
0%
No Martyr
0%
Yes Master Mold
0%
No Maximus
0%
No Miles Morales Spider-Man
0%
No Mirage
0%
No Mister Negative
0%
Yes Mister Sinister
0%
Yes Misty Knight
0%
No Mobius M. Mobius
0%
No Mockingbird
0%
Yes Mojo
0%
Yes Moon Girl
0%
Yes Morbius
0%
Yes Morph
0%
Yes Multiple Man
0%
Yes Namora
0%
No Negasonic Teenage Warhead
0%
No Nico Minoru
0%
No Nimrod
0%
No Nocturne
0%
No Omega Red
0%
Yes Onslaught
0%
Yes Patriot
0%
No Pixie
0%
No Polaris
0%
No Psylocke
0%
Yes Quake
0%
No Ravonna Renslayer
0%
No Rockslide
0%
No Ronan the Accuser
0%
Yes Sabretooth
0%
No Sage
0%
Yes Sasquatch
0%
Yes Sauron
0%
Yes Scorpion
0%
No Sebastian Shaw
0%
No Selene
0%
No Sera
0%
Yes Shadow King
0%
No Shanna The She-Devil
0%
Yes Shocker
0%
No Silk
0%
No Silver Samurai
0%
Yes Skaar
0%
No Snowguard
0%
Yes Spectrum
0%
No Spider-Ham
0%
Yes Squirrel Girl
0%
Yes Stature
0%
No Stegron
0%
Yes Strong Guy
0%
Yes Sunspot
0%
No Super-Skrull
0%
Yes Swarm
0%
Yes Sword Master
0%
Yes Taskmaster
0%
No The Hood
0%
Yes The Infinaut
0%
No The Living Tribunal
0%
No The Phoenix Force
0%
No Titania
0%
No Typhoid Mary
0%
Yes Uatu the Watcher
0%
No US. Agent
0%
No Valentina
0%
Yes Viper
0%
Yes Warpath
0%
No Wave
0%
Yes White Queen
0%
Yes Wolfsbane
0%
No Zabu
0%
No Zero
0%
No matching quizzes found
Score Distribution
Percent of People with Each Score
Percentile by Number Answered
Your Score History
You have not taken this quiz